000 02328nam0a2200373 4500
001 RU\NLR\bibl\1708987
005 20260409075416.0
010 _a978-5-9954-0112-4
_94
021 _aRU
_b2010-86109
_95757
035 _a(nilc)RSL-KNO-004824040
035 _a(NLR Aleph) 001700026
090 _a1214481
_c1214481
100 _a20101108d2010 |||y0rusy50 ca
101 0 _arus
102 _aRU
105 _aa |||||||||
200 1 _aЗдоровьесберегающая деятельность в непрерывном образовании: детский сад - школа - вуз
_eматериалы Межрегиональной научно-практической конференции, 2-3 марта 2010 г.
_f[сост.: И. А. Петрунина и др.
_gотв. ред.: д.п.н., к.психол.н., Лауреат премии Президента РФ в обл. образования Л.Е. Курнешова]
210 _aМосква
_cМГПИ
_d2010
215 _a235 с.
_cил., табл.
_d21
300 _aВ надзаг.: Департамент образования г. Москвы, ГБОУ ВПО Московский гуманитарный пед. ин-т, Лаб. развития ребенка и здоровьесберегающей деятельности в образовании
320 _aБиблиогр. в конце ст.
606 _aВалеология в образовании
_jСъезды, совещания и т.п.
_92456734
_3RU\NLR\auth\661460203
610 0 _aздоровьесберегающие технологии
686 _aР128.38,0
_2rubbk
686 _aЧ313.54я431
702 1 _aПетрунина
_bИ. А.
_4220
702 1 _4340
_7ca
_8rus
_aКурнешова
_bЛ. Е.
_gЛариса Евгеньевна
_951488
_3RU\NLR\auth\7768560
711 1 2 _a"Здоровьесберегающая деятельность в непрерывном образовании: детский сад - школа - вуз", межрегиональная научно-практическая конференция
_eМосква
_f2010
_9849160
_3RU\NLR\AUTH\8810176483
801 0 _aRU
_bRuMoRKP
_c20101108
_grcr
801 1 _aRU
_bRuMoRGB
_c20101108
801 2 _aRU
_bNLR
_c20101203
_grcr
942 _cBOOK
980 _aNB